000 00344nam a2200157Ia 4500
100 _aLal/ I
650 _a20th century
942 _cBK
366 _f28
245 _a50 Magnificiant indians of the 20th century
260 _bJaico Publishing House
_c2015
082 _bLAL
300 _a319
546 _aENGLISH
_cComputers
999 _c20389
_d20389